Statistiques concernant Plus grandes villes par continent de A-Z - Carte

Cliquez ici pour prendre le quiz!

Statistiques générales

  • Ce quiz a été pris 241 fois
  • Le résultat moyen est 58 sur 156

Réponses sur la Carte

Les réponses sont colorées sur une échelle allant du rouge au vert en fonction du pourcentage des utilisateurs qui les ont devinées à leur premier essai. Vous pouvez retrouver ces pourcentages ci-dessous.
 

Statistiques - réponses

ContinentLettrePopulationVille% Correct
EuropeP11.4 milParis
95%
EuropeL14.7 milLondres
91%
EuropeM17.2 milMoscou
89%
Amérique du NordL17.8 milLos Angeles
88%
Amérique du NordN22.4 milNew York
88%
AsieT40.2 milTokyo
86%
Amérique du NordM22.8 milMexico
85%
EuropeR3.58 milRome
85%
EuropeB4.70 milBarcelone
83%
Amérique du SudR13.1 milRio de Janeiro
83%
OceanieS4.91 milSydney
83%
AsieB20.0 milBeijing
81%
Amérique du SudB16.1 milBuenos Aires
81%
Amérique du NordC9.75 milChicago
80%
EuropeI15.8 milIstanbul
80%
EuropeS5.60 milSaint Petersbourg
80%
EuropeA3.38 milAthènes
79%
AfriqueC18.2 milCairo
79%
Amérique du SudS22.2 milSão Paulo
79%
Amérique du SudL9.90 milLima
78%
EuropeN4.23 milNaples
77%
AsieD28.4 milNew Delhi
77%
Amérique du NordW8.40 milWashington
77%
EuropeK3.45 milKiev
76%
AfriqueR2.03 milRabat
75%
Amérique du NordB7.60 milBoston
73%
Amérique du NordS7.85 milSan Francisco
73%
Amérique du NordT7.35 milToronto
73%
AsieJ30.6 milJakarta
71%
AsieM25.2 milManille
71%
AfriqueT2.63 milTunis
71%
EuropeV2.25 milVienne
71%
OceanieC0.46 milCanberra
70%
AsieS35.9 milShanghai
70%
EuropeT1.67 milTurin
70%
Amérique du NordV2.75 milVancouver
69%
EuropeZ1.41 milZurich
69%
Amérique du SudC3.75 milCaracas
68%
Amérique du NordD6.90 milDallas
68%
EuropeG1.66 milGlasgow
68%
AfriqueJ13.7 milJohannesbourg
68%
EuropeC1.33 milCopenhague
67%
Amérique du SudQ2.68 milQuito
67%
EuropeH1.84 milHambourg
66%
EuropeW2.30 milWarsaw
66%
AfriqueL18.8 milLagos
65%
AsieR7.75 milRiyad
65%
AfriqueA5.85 milAlexandrie
64%
AfriqueK12.0 milKinshasa
64%
OceanieM4.89 milMelbourne
64%
Amérique du NordA5.70 milAtlanta
63%
Amérique du NordH6.35 milHouston
62%
AfriqueN5.95 milNairobi
62%
EuropeF3.28 milFrancfort
60%
EuropeQ0.06 milQuimper
60%
OceanieA1.40 milAuckland
59%
AfriqueB3.25 milBamako
59%
AsieO17.7 milOsaka
59%
OceanieP2.04 milPerth
58%
Amérique du NordP7.35 milPhiladelphie
58%
Amérique du SudA2.28 milAsuncion
55%
AsieG45.6 milGuangzhou
55%
AfriqueY3.30 milYaoundé
55%
AfriqueO2.53 milOuagadougou
53%
AfriqueD5.90 milDar es Salam
50%
Amérique du NordO3.38 milOrlando
48%
AsieK17.3 milKarachi
45%
EuropeO1.19 milOdessa
44%
OceanieB2.43 milBrisbane
42%
AfriqueF1.72 milFreetown
42%
AfriqueM2.88 milMaputo
42%
AfriqueH2.35 milHarare
41%
OceanieH0.34 milHonolulu
41%
Amérique du SudM3.95 milMedellín
41%
Amérique du NordG5.25 milGuadalajara
40%
AsieW8.10 milWuhan
38%
EuropeD1.44 milDonetsk
35%
Amérique du NordE0.97 milEdmonton
32%
Amérique du NordJ1.42 milJacksonville
32%
EuropeE0.58 milEssen
31%
AsieL12.6 milLahore
31%
Amérique du NordI1.98 milIndianapolis
30%
AsieN10.5 milNagoya
29%
AfriqueG0.46 milGaborone
27%
Amérique du NordK1.98 milKansas City
25%
Amérique du SudF3.65 milFortaleza
24%
Amérique du SudP4.10 milPorto Alegre
22%
Amérique du SudG3.13 milGuayaquil
21%
AsieU3.98 milÜrümqi
21%
OceanieD0.13 milDarwin
20%
Amérique du SudK0.02 milKourou
20%
AsieC10.7 milChennai
19%
AsieA8.00 milAhmedabad
17%
AsieH9.20 milHyderabad
17%
Amérique du NordR1.63 milRaleigh
13%
Amérique du SudV2.00 milValencia
13%
EuropeY1.62 milYekaterinburg
12%
AsieI3.15 milIspahan
11%
AsieP6.70 milPune
11%
AsieX9.90 milXiamen
11%
EuropeJ0.21 milJerez de la Frontera
10%
AsieF4.25 milFuzhou
9%
AfriqueI3.48 milIbadan
9%
AsieE1.07 milErbil
8%
Amérique du NordF0.53 milFresno
8%
OceanieG0.69 milGold Coast
8%
EuropeU1.13 milUfa
8%
Amérique du SudN1.40 milNatal
7%
AsieQ5.95 milQingdao
7%
AsieY5.50 milYangon
7%
Amérique du SudI0.42 milIquitos
5%
OceanieN0.49 milNewcastle
5%
AfriqueP2.28 milPort Harcourt
5%
AsieZ5.35 milZhengzhou
5%
Amérique du SudT0.98 milTrujillo
4%
Amérique du NordX0.46 milXalapa
4%
EuropeX0.05 milXánthi
4%
Amérique du SudJ0.81 milJoão Pessoa
3%
AfriqueQ0.24 milQuelimane
3%
OceanieT0.18 milTownsville
3%
OceanieW0.26 milWollongong
3%
Amérique du NordY0.09 milYuma
3%
AfriqueE0.80 milEnugu
2%
Amérique du SudE0.15 milEsmeraldas
2%
OceanieF0.02 milFaaa
2%
OceanieI0.04 milInvercargill
2%
OceanieQ0.01 milQueenstown
2%
Amérique du NordQ1.40 milQuerétaro
2%
AfriqueS0.81 milSokoto
2%
Amérique du SudU0.67 milUberlândia
2%
Amérique du NordU0.28 milUruapan
2%
AfriqueU0.44 milUyo
2%
AsieV2.18 milVadodara
2%
AfriqueW0.91 milWarri
2%
AfriqueX0.13 milXai-xai
2%
Amérique du SudY0.15 milYopal
2%
Amérique du NordZ0.15 milZamora
2%
AfriqueZ0.89 milZaria
2%
Amérique du SudD0.23 milDivinópolis
1%
Amérique du SudH0.44 milHuancayo
1%
OceanieL0.14 milLae
1%
OceanieO0.04 milOrange
1%
Amérique du SudO0.26 milOruro
1%
AfriqueV0.37 milVereeniging
1%
OceanieV0.02 milVictor Harbor
1%
Amérique du SudX0.04 milXanxere
1%
OceanieZ728Zeehan
1%
Amérique du SudZ0.12 milZipaquirá
1%
OceanieE0.02 milEchuca
0%
OceanieJ0.01 milJimboomba
0%
OceanieK0.02 milKalgoorlie-Boulder
0%
OceanieR0.07 milRockhampton
0%
OceanieU0.04 milUpper Hutt
0%
Amérique du SudW0.008 milWestelijke Polders
0%
OceanieX20Xantippe
0%
OceanieY0.01 milYeppoon
0%

Distribution des résultats

Percentile par nombre de réponses

% des personnes avec chaque résultat

Votre développement - résultats

Vous n’avez pas pris ce quiz